[Event "Miedzynarodowy Memorial Ireny Warakomskiej (Turniej Blitza)"]
[Site "Suwalki"]
[Date "2017-08-16"]
[Round "8.6"]
[White "Murawko, Katarzyna "]
[Black "Zochowski, Kacper"]
[Result "1-0"]
[WhiteTitle ""]
[BlackTitle ""]
[WhiteElo "1963"]
[BlackElo "2263"]

1. e4 g6 2. d4 Bg7 3. Be3 c6 4. Nc3 d6 5. Bc4 b5 6. Bb3 b4 7. Nce2 Nf6 8. Ng3 O-O
9. h3 a5 10. a4 Nbd7 11. Qd2 c5 12. N1e2 Qc7 13. c4 cxd4 14. Nxd4 Bb7 15. f3 d5
16. Bf4 e5 17. Nb5 Qb8 18. Bh6 Nc5 19. Bc2 dxe4 20. Bxg7 Kxg7 21. Nf5+ Kh8 22.
Qh6 Rg8 23. Ne7 Qf8 24. Nxg8 Qxg8 25. Qg5 Qg7 26. fxe4 Nfxe4 27. Bxe4 Nxe4 28.
Qe3 Qf6 29. Rf1 Qh4+ 30. g3 Nxg3 31. Qxe5+ Kg8 32. Rf2 Ne4 33. Qf4 Qxf2+ 34. Qxf2
Nxf2 35. Kxf2 Rd8 36. Ke2 Re8+ 37. Kd3 f5 38. b3 f4 39. Rf1 f3 40. Kd4 Rf8 41.
Nd6 Ba8 42. c5 f2 43. Ke3 Rf3+ 44. Ke2 Rc3 45. Rxf2 Rxc5 46. Rf4 Bd5 47. Rd4 Bxb3
1-0

[Event "Miedzynarodowy Memorial Ireny Warakomskiej (Turniej Blitza)"]
[Site "Suwalki"]
[Date "2017-08-16"]
[Round "8.7"]
[White "Suliborski, Jakub"]
[Black "Jakubowska, Anna "]
[Result "1-0"]
[WhiteTitle ""]
[BlackTitle ""]
[WhiteElo "2222"]
[BlackElo "2186"]

1. d4 f5 2. Qd3 d6 3. g4 fxg4 4. h3 g3 5. fxg3 Nc6 6. Bg2 g6 7. c3 Nf6 8. e4 Bg7
9. Ne2 e5 10. d5 Ne7 11. Bg5 c6 12. c4 cxd5 13. cxd5 Qb6 14. Nbc3 O-O 15. O-O-O
Bd7 16. Kb1 Qa5 17. Nc1 b5 18. Nb3 Qb6 19. Rhf1 a5 20. Be3 Qb7 21. Nc1 b4 22.
N3e2 Bb5 23. Qd2 Nh5 24. Rxf8+ Rxf8 25. Rf1 Rxf1 26. Bxf1 Qc8 27. Bg2 Qc4 28.
Qc2 Nc8 29. Qxc4 Bxc4 30. Kc2 Bf6 31. g4 Ng7 32. Ng3 Bh4 33. Bf1 Bxd5 34. exd5
Bxg3 35. Ba6 Ne7 36. Bb7 Be1 37. Nd3 Bh4 38. Bb6 e4 39. Nc1 h5 40. Bxa5 hxg4 41.
hxg4 Ne8 42. Bxb4 Nf6 43. Bxd6 Nexd5 44. a4 Ne3+ 45. Kb3 Nexg4 46. a5 e3 47. a6
Ne8 48. a7 Nxd6 49. a8=Q+ Kf7 50. Bd5+ Ke7 51. Qa7+ Kf6 52. Qc5 Nf5 53. Ne2 Nf2
54. Nd4 Ng3 55. Nf3 Bg5 56. Qd4+ Kf5 57. Nxg5 1-0

[Event "Miedzynarodowy Memorial Ireny Warakomskiej (Turniej Blitza)"]
[Site "Suwalki"]
[Date "2017-08-16"]
[Round "8.8"]
[White "Kaczmarek, Arkadiusz "]
[Black "Tylenda, Krzysztof "]
[Result "0-1"]
[WhiteTitle ""]
[BlackTitle ""]
[WhiteElo "2185"]
[BlackElo "1688"]

1. d4 d5 2. c4 e6 3. Nc3 c6 4. e4 dxc4 5. Bxc4 Nf6 6. Nf3 Bb4 7. Qe2 Nbd7 8. O-O
O-O 9. Bg5 Qa5 10. e5 Nd5 11. Nxd5 cxd5 12. Bd3 Re8 13. a3 Be7 14. Bxe7 Rxe7 15.
Rac1 Qb6 16. h4 Nf8 17. h5 Bd7 18. g4 Rc8 19. g5 Rxc1 20. Rxc1 Be8 21. Kg2 Rc7
22. Qe3 Rxc1 23. Qxc1 Qd8 24. h6 g6 25. Qc5 Bc6 26. Qxa7 Nd7 27. Kg3 Qb6 28. Qxb6
Nxb6 29. b3 Kf8 30. Kf4 Ke7 31. Ke3 Kd7 32. Kd2 Kc7 33. Kc3 Be8 34. Nh2 Nd7 35.
Nf1 Kb6 36. Ng3 Nb8 37. Ne2 Bb5 38. Nf4 Bxd3 39. Nxd3 0-1

[Event "Miedzynarodowy Memorial Ireny Warakomskiej (Turniej Blitza)"]
[Site "Suwalki"]
[Date "2017-08-16"]
[Round "8.9"]
[White "Cukrowski, Filip "]
[Black "Golek, Jagoda"]
[Result "1-0"]
[WhiteTitle ""]
[BlackTitle ""]
[WhiteElo "2180"]
[BlackElo "2151"]

1. e4 d6 2. d4 Nf6 3. Nc3 c6 4. f4 Qa5 5. Bd3 e5 6. dxe5 dxe5 7. Nf3 Bg4 8. O-O
Nbd7 9. h3 Bxf3 10. Qxf3 Be7 11. Kh1 O-O-O 12. Bd2 Qc7 13. Be3 Kb8 14. Qf2 b6
15. a4 a5 16. fxe5 Ne8 17. Bf4 Nc5 18. e6 Bd6 19. exf7 Nf6 20. Bxd6 Qxd6 21. Rad1
Nh5 22. Be2 Ng3+ 23. Kg1 Nxe2+ 24. Qxe2 Qe5 25. Rxd8+ Rxd8 26. f8=Q 1-0

[Event "Miedzynarodowy Memorial Ireny Warakomskiej (Turniej Blitza)"]
[Site "Suwalki"]
[Date "2017-08-16"]
[Round "8.10"]
[White "Smolka, Marcin "]
[Black "Karlov, Egor "]
[Result "1-0"]
[WhiteTitle ""]
[BlackTitle ""]
[WhiteElo "2161"]
[BlackElo "1538"]

1. e4 e6 2. Nf3 d5 3. e5 c5 4. b4 cxb4 5. a3 Nc6 6. axb4 Bxb4 7. c3 Bc5 8. d4 Bb6
9. Bd3 Nge7 10. O-O O-O 11. Bxh7+ Kh8 12. Bd3 g6 13. Bg5 Qd7 14. Bf6+ Kg8 15.
Qd2 Kh7 16. Qf4 Nf5 17. Bxf5 exf5 18. Qh4+ 1-0

[Event "Miedzynarodowy Memorial Ireny Warakomskiej (Turniej Blitza)"]
[Site "Suwalki"]
[Date "2017-08-16"]
[Round "8.11"]
[White "Grabowski, Adam"]
[Black "Chinguun, Sumiya "]
[Result "0-1"]
[WhiteTitle ""]
[BlackTitle ""]
[WhiteElo "1951"]
[BlackElo "2139"]

1. Nf3 Nf6 2. d4 g6 3. c4 Bg7 4. Nc3 O-O 5. Bg5 d6 6. e3 h6 7. Bh4 Nbd7 8. Be2
c6 9. O-O Qc7 10. Rc1 e5 11. b4 exd4 12. exd4 Nh5 13. Ne1 Nf4 14. Bg3 Nxe2+ 15.
Nxe2 Nf6 16. Nc3 Nh5 17. Nf3 Bg4 18. h3 Nxg3 19. fxg3 Be6 20. Qd3 Bf5 21. Qd2
a5 22. b5 Be6 23. Qd3 Rac8 24. g4 Qd7 25. d5 cxd5 26. cxd5 Bxg4 27. hxg4 Qxg4
28. Ne4 Qf4 29. Ned2 g5 30. Qe4 Qg3 31. Qe1 Qf4 32. Qe4 Qg3 33. Rfe1 g4 34. Nh2
Rxc1 35. Rxc1 f5 36. Qe6+ Kh8 37. Nhf1 Bd4+ 38. Kh1 Qh4+ 39. Nh2 Be5 40. Ndf1
Bxh2 41. Nxh2 g3 0-1

[Event "Miedzynarodowy Memorial Ireny Warakomskiej (Turniej Blitza)"]
[Site "Suwalki"]
[Date "2017-08-16"]
[Round "8.12"]
[White "Ocytko, Andrzej"]
[Black "Wozniak, Mariola "]
[Result "1/2-1/2"]
[WhiteTitle ""]
[BlackTitle ""]
[WhiteElo "2113"]
[BlackElo "2045"]

1. e4 c5 2. Nf3 d6 3. Bb5+ Nd7 4. c3 Ngf6 5. Qe2 g6 6. d4 Bg7 7. dxc5 dxc5 8. e5
Nd5 9. e6 fxe6 10. Ng5 Qb6 11. Nxe6 Bf6 12. Na3 Nc7 13. Nxc7+ Qxc7 14. Bh6 Qe5
15. Nc4 Qxe2+ 16. Kxe2 a6 17. Bxd7+ Bxd7 18. Nb6 Rd8 19. Nxd7 Kxd7 20. Rhd1+ Kc6
21. Be3 c4 22. a4 e6 23. g3 Rxd1 24. Rxd1 Rd8 25. Rb1 b5 26. axb5+ Kxb5 27. h4
Rd6 28. Bf4 Rd5 29. Ra1 a5 30. Be3 a4 31. Bf4 Be5 32. Be3 Bf6 33. Bf4 Be5 34.
Be3 Bf6 1/2-1/2

[Event "Miedzynarodowy Memorial Ireny Warakomskiej (Turniej Blitza)"]
[Site "Suwalki"]
[Date "2017-08-16"]
[Round "8.14"]
[White "Kyrychenko, Maryan "]
[Black "Kaniak, Justyna"]
[Result "1-0"]
[WhiteTitle ""]
[BlackTitle ""]
[WhiteElo "2060"]
[BlackElo "1901"]

1. e4 e5 2. Nf3 Nc6 3. d4 exd4 4. Nxd4 Qf6 5. Nxc6 Bc5 6. Qe2 Qxc6 7. Nc3 d6 8.
Be3 Nf6 9. Bxc5 Qxc5 10. Qb5+ Qxb5 11. Nxb5 Kd8 12. f3 a6 13. Nc3 Be6 14. O-O-O
Ke7 15. g4 h6 16. h3 Rad8 17. f4 d5 18. e5 Ne4 19. Nxe4 dxe4 20. Bg2 Bd5 21. Rhe1
Rhe8 22. b3 f5 23. gxf5 1-0

[Event "Miedzynarodowy Memorial Ireny Warakomskiej (Turniej Blitza)"]
[Site "Suwalki"]
[Date "2017-08-16"]
[Round "8.15"]
[White "Krzywda, Andrzej "]
[Black "Matuszczyk, Mateusz"]
[Result "1-0"]
[WhiteTitle ""]
[BlackTitle ""]
[WhiteElo "2047"]
[BlackElo "1666"]

1. e4 Nc6 2. Nf3 e5 3. Bc4 Nf6 4. d3 Bc5 5. c3 O-O 6. O-O d6 7. Nbd2 Na5 8. Bb5
c6 9. Ba4 b5 10. Bc2 Bg4 11. b4 Nb7 12. bxc5 Nxc5 13. Re1 Nh5 14. d4 Ne6 15. h3
Bxf3 16. Nxf3 exd4 17. cxd4 d5 18. exd5 cxd5 19. Qd3 Nf6 20. Ne5 Rc8 21. Ng4 Ne4
22. Bb2 Nf4 23. Qd1 f5 24. Ne5 Nxh3+ 25. gxh3 Qg5+ 26. Ng4 fxg4 27. Rxe4 dxe4
28. Bb3+ Kh8 29. Qxg4 Qd2 30. Rb1 Qxf2+ 31. Kh1 Rce8 32. d5 Rf7 33. Rg1 Rg8 34.
d6 Qxb2 35. Bxf7 Rf8 36. d7 Qd4 37. Be8 g6 38. Qg5 Qd6 39. Qg4 Qd5 40. Qg3 e3+
41. Kh2 Rf2+ 42. Rg2 Rxg2+ 43. Qxg2 Qd6+ 44. Qg3 Qd5 45. Qxe3 Qd6+ 46. Qg3 Qd2+
47. Qg2 Qd6+ 48. Kg1 Qd1+ 49. Kf2 Qd2+ 50. Kf3 Qd5+ 51. Kf2 Qd4+ 52. Ke2 Qb2+
53. Kf3 Qc3+ 54. Kg4 Qd4+ 55. Kg3 Qe5+ 56. Kf2 Qd4+ 57. Kf1 Qd3+ 58. Qe2 Qxh3+
59. Ke1 Qg3+ 60. Kd2 Qd6+ 61. Qd3 Qf4+ 62. Kc2 Qa4+ 63. Kb2 Qb4+ 64. Qb3 Qd2+
65. Qc2 Qb4+ 66. Ka1 Qe1+ 67. Qb1 Qe7 68. Qb2+ Kg8 69. Qd4 Qe1+ 70. Kb2 Qe2+ 71.
Kb3 Qe6+ 72. Kb4 a5+ 73. Kxa5 Qc6 74. d8=Q 1-0

[Event "Miedzynarodowy Memorial Ireny Warakomskiej (Turniej Blitza)"]
[Site "Suwalki"]
[Date "2017-08-16"]
[Round "8.16"]
[White "Medvedyk, Volodymyr"]
[Black "Zgadzaj, Rafal "]
[Result "0-1"]
[WhiteTitle ""]
[BlackTitle ""]
[WhiteElo "1950"]
[BlackElo "2040"]

1. c4 f5 2. g3 Nf6 3. Bg2 e5 4. Nc3 g6 5. d3 Bg7 6. e4 d6 7. Nge2 O-O 8. O-O Nc6
9. h3 Be6 10. Nd5 Qd7 11. Kh2 Rae8 12. Be3 Ne7 13. b3 c6 14. Nxe7+ Rxe7 15. Bxa7
c5 16. Bb6 Ra8 17. a4 g5 18. Qd2 f4 19. Ba5 g4 20. hxg4 Nxg4+ 21. Kg1 Rf8 22.
f3 Ne3 23. Rf2 Bh6 24. g4 Bxg4 25. fxg4 Nxg4 26. Qe1 Nxf2 27. Qxf2 Rg7 28. Kf1
f3 29. Bxf3 Qh3+ 30. Ke1 Rxf3 31. Qxf3 Qxf3 32. Kd1 Qf1+ 33. Be1 Be3 34. Ra2 Bf2
0-1

[Event "Miedzynarodowy Memorial Ireny Warakomskiej (Turniej Blitza)"]
[Site "Suwalki"]
[Date "2017-08-16"]
[Round "8.17"]
[White "Litner, Igor "]
[Black "Ostrowski, Robert"]
[Result "1-0"]
[WhiteTitle ""]
[BlackTitle ""]
[WhiteElo "1719"]
[BlackElo "2028"]

1. d4 Nf6 2. c4 e5 3. dxe5 Ng4 4. e4 Nxe5 5. f4 Nec6 6. Nf3 Bb4+ 7. Bd2 O-O 8.
Bd3 d6 9. O-O Bc5+ 10. Kh1 Nd7 11. a3 a5 12. Nc3 Nf6 13. Nd5 Nd4 14. b4 axb4 15.
axb4 Rxa1 16. Qxa1 Nxf3 17. Rxf3 Nxd5 18. exd5 Bb6 19. Rg3 f6 20. Qb1 f5 21. Bc3
Rf7 22. Qb2 Qe7 23. h3 Bd7 24. Kh2 c6 25. Qa1 cxd5 26. cxd5 Bf2 27. Rf3 Bh4 28.
Qa8+ Rf8 29. Qxb7 Bf6 30. Bxf6 Rxf6 31. b5 Rf7 32. b6 Be8 33. Qxe7 Rxe7 34. Ba6
Bf7 35. b7 Re8 36. Rc3 Bxd5 37. Rc8 Bxb7 38. Rxe8+ Kf7 39. Bxb7 Kxe8 40. Kg3 Ke7
41. Bd5 Kf6 42. Kf3 h6 43. g3 g5 44. Ke3 h5 45. fxg5+ Kxg5 46. Bf3 d5 47. h4+
Kf6 48. Kf4 d4 49. Bxh5 d3 50. Ke3 Ke5 51. Bd1 d2 52. Kxd2 Ke4 53. Bc2+ Ke5 54.
Bxf5 Kxf5 55. Ke3 Kg4 56. Kf2 Kh5 57. Kf3 Kg6 58. Kg4 Kh6 59. Kf4 Kh5 60. Kf5
Kh6 61. g4 Kh7 62. g5 Kg7 63. h5 Kh7 64. g6+ Kh6 65. Kf6 Kxh5 66. g7 1-0

[Event "Miedzynarodowy Memorial Ireny Warakomskiej (Turniej Blitza)"]
[Site "Suwalki"]
[Date "2017-08-16"]
[Round "8.19"]
[White "Zaika, Daniil"]
[Black "Mecelica, Erikas "]
[Result "1-0"]
[WhiteTitle ""]
[BlackTitle ""]
[WhiteElo "1941"]
[BlackElo "1630"]

1. d4 d5 2. Nf3 c6 3. Bf4 Bf5 4. c3 e6 5. Nbd2 Bd6 6. Bg3 Nf6 7. e3 Ne4 8. Nxe4
Bxe4 9. Qb3 b6 10. Nd2 Bxg3 11. hxg3 Bg6 12. f3 Nd7 13. e4 dxe4 14. Nxe4 Bxe4
15. fxe4 c5 16. Bb5 Rc8 17. Qa4 Qc7 18. O-O Rd8 19. e5 O-O 20. Rf4 h6 21. Raf1
Nb8 22. Bd3 cxd4 23. cxd4 Nc6 24. Rc1 Rc8 25. Bb5 g5 26. Rxc6 Qxc6 27. Bxc6 gxf4
28. gxf4 Rfd8 29. f5 exf5 30. d5 Rc7 31. Qf4 Kg7 32. Qxf5 Rdc8 33. Qf6+ Kh7 34.
d6 Rxc6 35. d7 Rxf6 36. dxc8=Q Re6 37. Qd7 Kg7 38. Qxa7 Rxe5 39. Qxb6 Re6 40.
Qd4+ Kf8 41. a4 Ke7 42. a5 f5 43. b4 Re4 44. Qc5+ Kf6 45. a6 Re5 46. a7 Rxc5 47.
bxc5 Kg5 48. a8=Q f4 49. Kf2 Kh4 50. Qg8 h5 51. g3+ Kh3 52. gxf4 h4 53. Qg2# 1-0

[Event "Miedzynarodowy Memorial Ireny Warakomskiej (Turniej Blitza)"]
[Site "Suwalki"]
[Date "2017-08-16"]
[Round "8.20"]
[White "Slezinski, Nikodem "]
[Black "Mykhaylyak, Wiktoria "]
[Result "1-0"]
[WhiteTitle ""]
[BlackTitle ""]
[WhiteElo "1936"]
[BlackElo "1420"]

1. e4 c5 2. Nc3 Nc6 3. Bb5 a6 4. Bxc6 dxc6 5. d3 Nf6 6. f4 Bg4 7. Nf3 e6 8. h3
Bxf3 9. Qxf3 Be7 10. O-O Qb6 11. Kh1 O-O-O 12. Rb1 Rd7 13. Be3 Rhd8 14. b4 Qc7
15. bxc5 h6 16. Na4 Kb8 17. Nb6 Ka7 18. Rb3 Rb8 19. Nxd7 Qxd7 20. Rfb1 Ne8 21.
f5 e5 22. Qf2 Nc7 23. Qd2 Nb5 24. c3 Nc7 25. d4 Ne8 26. d5 Nf6 27. Qd3 g5 28.
d6 Bd8 29. Qc4 g4 30. Rg1 h5 31. Bg5 Qe8 32. Bxf6 Bxf6 33. Qd3 Qd7 34. Rb2 Rg8
35. Rgb1 Rb8 36. a4 Bg7 37. Qe3 f6 38. Rb6 Qf7 39. Kg1 gxh3 40. Qxh3 Bh6 41. Kh1
Bf4 42. Rd1 Qd7 43. Rb2 Rh8 44. Rf2 Qg7 45. Rf3 h4 46. d7 Rd8 47. Rfd3 Bg3 48.
Rxg3 hxg3 49. Kg1 Qe7 50. Qxg3 Qxc5+ 51. Qf2 b6 52. Qxc5 bxc5 53. g4 Kb6 54. Kf2
Kc7 55. Kg3 Rxd7 56. Rxd7+ Kxd7 57. Kh4 Ke7 58. g5 Kf7 59. Kh5 Kg7 60. a5 c4 61.
gxf6+ Kxf6 62. Kh6 c5 63. Kh7 Kf7 64. Kh6 Kf6 65. Kh5 Kg7 66. Kg5 Kf7 67. f6 Kf8
68. Kf5 Kf7 69. Kxe5 Kf8 1-0

[Event "Miedzynarodowy Memorial Ireny Warakomskiej (Turniej Blitza)"]
[Site "Suwalki"]
[Date "2017-08-16"]
[Round "9.1"]
[White "Sliwicki, Damian "]
[Black "Bilguun, Sumiya"]
[Result "0-1"]
[WhiteTitle ""]
[BlackTitle ""]
[WhiteElo "2175"]
[BlackElo "2527"]

1. e4 c5 2. Nf3 e6 3. d4 cxd4 4. Nxd4 a6 5. Nc3 Qc7 6. g3 Bb4 7. Nde2 Nf6 8. Bg2
O-O 9. O-O Be7 10. Bf4 d6 11. Qd2 Nbd7 12. Rad1 Ne5 13. b3 b5 14. h3 Bb7 15. Nd4
Rac8 16. Nce2 Nxe4 17. Qe3 Nc5 18. Bxb7 Nxb7 19. c3 Ng6 20. Nf3 e5 21. Bg5 f6
22. Bh4 Qc6 23. g4 d5 24. Bg3 Bc5 25. Qd2 Rcd8 26. Qc2 Bb6 27. Qf5 Rfe8 28. Qb1
d4 29. Nh4 Nxh4 30. Bxh4 dxc3 31. Qc2 b4 32. Bg3 Qf3 33. Kh2 Nc5 34. Ng1 Qe4 35.
Qc1 Rd3 36. Rfe1 Qd5 37. Rxd3 Nxd3 38. Qd1 Rd8 39. Re2 Nf4 40. Qxd5+ Nxd5 41.
Nf3 Rc8 42. Ne1 Kf7 43. Nc2 a5 44. Kg2 Ne7 45. Re4 Ke6 46. Kf3 Kd5 47. Re1 Nc6
48. Rd1+ Nd4+ 49. Ke3 Ke6 50. Nxd4+ Bxd4+ 51. Kd3 Kd5 52. Kc2 Ke4 53. Rd3 h5 54.
f3+ Kd5 55. Bf2 hxg4 56. fxg4 Rh8 57. Kc1 Ke4 58. Kc2 Bxf2 0-1

[Event "Miedzynarodowy Memorial Ireny Warakomskiej (Turniej Blitza)"]
[Site "Suwalki"]
[Date "2017-08-16"]
[Round "9.2"]
[White "Stoma, Pawel "]
[Black "Kulon, Klaudia "]
[Result "0-1"]
[WhiteTitle ""]
[BlackTitle ""]
[WhiteElo "2341"]
[BlackElo "2331"]

1. e4 e5 2. Nf3 Nc6 3. Bb5 a6 4. Ba4 d6 5. c3 Bd7 6. d3 g6 7. h3 Bg7 8. O-O Nf6
9. Be3 O-O 10. Nbd2 h6 11. Re1 Kh7 12. Bc2 Nh5 13. d4 Nf4 14. Bxf4 exf4 15. Nf1
Kh8 16. e5 dxe5 17. d5 Ne7 18. Nxe5 Bf5 19. Bb3 Qd6 20. Nc4 Qf6 21. d6 cxd6 22.
Qxd6 Be6 23. Rad1 f3 24. g4 h5 25. Nb6 Rad8 26. Qxd8 Rxd8 27. Rxd8+ Ng8 28. Rd3
Bxb3 29. Nd7 Qh4 30. axb3 Qxh3 31. Ne3 Nh6 32. Nc5 Nxg4 33. Ne4 Qh2+ 0-1

[Event "Miedzynarodowy Memorial Ireny Warakomskiej (Turniej Blitza)"]
[Site "Suwalki"]
[Date "2017-08-16"]
[Round "9.3"]
[White "Ocytko, Andrzej"]
[Black "Bednarek, Sylwester"]
[Result "0-1"]
[WhiteTitle ""]
[BlackTitle ""]
[WhiteElo "2113"]
[BlackElo "2283"]

1. d4 Nf6 2. Nf3 c5 3. d5 e6 4. c4 exd5 5. cxd5 d6 6. Nc3 a6 7. a4 g6 8. Bf4 Bg7
9. e3 Nh5 10. Bg5 Bf6 11. Bxf6 Nxf6 12. h3 Qe7 13. Qc2 O-O 14. Bc4 Nbd7 15. O-O
Rb8 16. Qd3 Re8 17. Rab1 Ne4 18. Rfd1 Ndf6 19. Qc2 Bf5 20. Qb3 Nxc3 21. bxc3 Bxb1
22. Rxb1 Ne4 23. Bd3 Nxf2 24. Kxf2 Qxe3+ 25. Kg3 Qxd3 26. Qb6 Qxd5 27. c4 Qc6
28. Qb3 Re4 29. Rf1 Qe8 30. Kh2 Qe7 31. Qd3 h6 32. Qd5 Qe6 33. Qd2 Kh7 34. Re1
Rxe1 35. Nxe1 Qe5+ 36. Kh1 Qd4 37. Qe2 Qe5 38. Qf2 Kg7 39. Nf3 Qa1+ 40. Kh2 Qf6
41. Qd2 b5 42. cxb5 axb5 43. axb5 Rxb5 44. Qd5 Rb2 45. Qe4 Rb4 46. Qd3 Rf4 47.
Nd2 Qe5 48. Kh1 Rd4 0-1

[Event "Miedzynarodowy Memorial Ireny Warakomskiej (Turniej Blitza)"]
[Site "Suwalki"]
[Date "2017-08-16"]
[Round "9.4"]
[White "Lewtak, Damian "]
[Black "Cukrowski, Filip "]
[Result "0-1"]
[WhiteTitle ""]
[BlackTitle ""]
[WhiteElo "2275"]
[BlackElo "2180"]

1. e4 c5 2. Nf3 Nc6 3. Bb5 d6 4. d4 cxd4 5. Qxd4 Nf6 6. Nc3 Nd7 7. Bxc6 bxc6 8.
O-O Qb6 9. Qd3 Ba6 10. Qe3 Bxf1 11. Kxf1 Qxe3 12. Bxe3 g6 13. Ne2 Bg7 14. Rb1
O-O 15. Nc1 f5 16. exf5 gxf5 17. Ke2 f4 18. Bd2 e5 19. Ng5 Bh6 20. Ne4 d5 21.
Nc3 f3+ 22. gxf3 Bxd2 23. Kxd2 Rxf3 24. Nd3 e4 25. Rg1+ Kf7 26. Ke2 Rg8 27. Rxg8
Kxg8 28. Nb4 Ne5 29. Kf1 e3 30. Nd1 exf2 31. Nxf2 Ng4 32. Nbd3 Nxf2 33. Nxf2 Kf7
34. Kg2 Rf6 35. Ng4 Rg6 36. Kf3 Ke6 37. Nf2 h5 38. Nd3 Kf5 39. Nf4 Rg4 40. Nxh5
Rh4 41. Ng3+ Ke5 42. Nf1 c5 43. Kg3 Rh8 44. Nd2 d4 45. h4 Kd5 46. Kg4 c4 47. h5
d3 48. cxd3 cxd3 49. Kg5 Ke5 50. Nf3+ Ke4 51. Nd2+ Ke3 52. Nc4+ Kd4 53. Nd2 Ke5
54. Nf3+ Ke4 55. Nd2+ Ke3 56. Nc4+ Ke2 57. h6 Rc8 58. h7 d2 59. Nxd2 Kxd2 60.
Kg6 a5 61. Kg7 Kc2 62. h8=Q Rxh8 63. Kxh8 Kxb2 0-1

[Event "Miedzynarodowy Memorial Ireny Warakomskiej (Turniej Blitza)"]
[Site "Suwalki"]
[Date "2017-08-16"]
[Round "9.5"]
[White "Zochowski, Kacper"]
[Black "Jaskiewicz, Kamila "]
[Result "1-0"]
[WhiteTitle ""]
[BlackTitle ""]
[WhiteElo "2263"]
[BlackElo "1766"]

1. c4 g6 2. g3 Bg7 3. Bg2 Nf6 4. Nc3 O-O 5. e4 d6 6. Nge2 a6 7. O-O c5 8. d4 cxd4
9. Nxd4 Nbd7 10. b3 Qc7 11. Bb2 Rb8 12. Rc1 b6 13. Nd5 Nxd5 14. cxd5 Qb7 15. Qd2
Ra8 16. f4 Re8 17. Nc6 Bxb2 18. Qxb2 b5 19. e5 Qb6+ 20. Kh1 Nc5 21. Qf2 Bf5 22.
Nxe7+ Rxe7 23. exd6 Rd7 24. Qxc5 Qxc5 25. Rxc5 Rxd6 26. Rc6 Rad8 27. Rxd6 Rxd6
28. Rc1 Bd7 29. Kg1 f6 30. Kf2 Kf7 31. Ke3 g5 32. Kd4 Ke7 33. Kc5 Bf5 34. fxg5
fxg5 35. Re1+ Kd7 36. Re5 Bg6 37. Bh3+ 1-0

[Event "Miedzynarodowy Memorial Ireny Warakomskiej (Turniej Blitza)"]
[Site "Suwalki"]
[Date "2017-08-16"]
[Round "9.6"]
[White "Paprocki, Jaroslaw "]
[Black "Jaroch, Karol"]
[Result "0-1"]
[WhiteTitle ""]
[BlackTitle ""]
[WhiteElo "2101"]
[BlackElo "2250"]

1. e4 e6 2. d4 d5 3. Nd2 Nf6 4. Bd3 b6 5. Ne2 Be7 6. O-O Ba6 7. e5 Nfd7 8. c4 c5
9. b3 cxd4 10. Nf3 Nc5 11. Nexd4 Nxd3 12. Qxd3 dxc4 13. bxc4 Nc6 14. Qe4 Nxd4
15. Nxd4 O-O 16. Nc6 Bb7 17. Nxe7+ Qxe7 18. Qg4 Kh8 19. Bg5 Qc5 20. Rfe1 Rac8
21. Rac1 Ba6 22. Re3 Bxc4 23. Qh4 Qd5 24. Bf6 Bd3 25. Rce1 gxf6 26. Rg3 Bg6 27.
exf6 Qd2 28. Rge3 Rc1 29. f4 Qxe3+ 0-1

[Event "Miedzynarodowy Memorial Ireny Warakomskiej (Turniej Blitza)"]
[Site "Suwalki"]
[Date "2017-08-16"]
[Round "9.7"]
[White "Paszewski, Mateusz "]
[Black "Murawko, Katarzyna "]
[Result "1-0"]
[WhiteTitle ""]
[BlackTitle ""]
[WhiteElo "2233"]
[BlackElo "1963"]

1. c4 c5 2. g3 g6 3. Bg2 Bg7 4. Nc3 d6 5. Nf3 Nf6 6. d4 cxd4 7. Nxd4 O-O 8. O-O
a6 9. b3 Qc7 10. Bb2 Nc6 11. Rc1 Nxd4 12. Qxd4 Bf5 13. Nd5 Qd8 14. Ne3 Bc8 15.
Rfd1 Qa5 16. Nd5 Qd8 17. Qd2 Rb8 18. Nxf6+ exf6 19. Qxd6 Qxd6 20. Rxd6 Be6 21.
Rcd1 b5 22. c5 a5 23. Bd5 Bf5 24. c6 a4 25. b4 Rfe8 26. e3 Bf8 27. Rd7 Bxd7 28.
cxd7 Red8 29. Bc6 Bxb4 30. Bxf6 Ba5 31. Rb1 Rf8 32. Be7 b4 33. Bxf8 Kxf8 34. Bxa4
Ke7 35. Rc1 Rd8 36. Rc8 Kd6 37. f4 Kd5 38. Kf2 Ke4 39. Bc2+ Kd5 40. Rxd8 Bxd8
41. Kf3 Kd6 42. Ba4 Kc5 43. Ke4 Kd6 44. Kd3 f5 45. Kc4 Ke6 46. Kxb4 Kd5 47. Kb5
Ke4 48. Kc6 Kxe3 49. Kb7 Kf2 50. Bb3 Kg2 51. Bg8 Kxh2 52. Bxh7 Kxg3 53. Bxg6 Kxf4
54. Kc8 Ba5 55. a4 Ke5 56. Bxf5 Kxf5 57. d8=Q Bxd8 58. Kxd8 Ke5 59. Kc7 Kd5 1-0

[Event "Miedzynarodowy Memorial Ireny Warakomskiej (Turniej Blitza)"]
[Site "Suwalki"]
[Date "2017-08-16"]
[Round "9.8"]
[White "Wozniak, Mariola "]
[Black "Suliborski, Jakub"]
[Result "1-0"]
[WhiteTitle ""]
[BlackTitle ""]
[WhiteElo "2045"]
[BlackElo "2222"]

1. e4 c5 2. Nf3 d6 3. d4 cxd4 4. Nxd4 e5 5. Nb5 a6 6. N5a3 Be6 7. c4 Nd7 8. Nc3
Ngf6 9. Be2 Be7 10. O-O O-O 11. Be3 Rc8 12. Qd2 Re8 13. b3 d5 14. exd5 Bxa3 15.
dxe6 Rxe6 16. Rfd1 Qe8 17. g3 Bb4 18. Qb2 Bc5 19. Bxc5 Nxc5 20. Nd5 Nxd5 21. Rxd5
g6 22. Rad1 h5 23. b4 Ne4 24. c5 Nf6 25. Rd6 Kg7 26. Bf3 e4 27. Bxe4 Rxd6 28.
Rxd6 Qxe4 29. Qxf6+ Kg8 30. Qd4 Qe1+ 31. Kg2 Re8 32. Rd7 Qe6 33. Qd5 Qxd5+ 34.
Rxd5 Re4 35. a3 Re7 36. Kf3 Kf8 37. a4 Ke8 38. b5 axb5 39. axb5 Re6 40. Kf4 f6
41. Rd6 Rxd6 42. cxd6 Kd7 43. g4 hxg4 44. Kxg4 Kxd6 45. f4 Ke6 46. f5+ Kf7 47.
fxg6+ Kxg6 48. Kf4 f5 49. b6 Kf6 50. h4 1-0

[Event "Miedzynarodowy Memorial Ireny Warakomskiej (Turniej Blitza)"]
[Site "Suwalki"]
[Date "2017-08-16"]
[Round "9.9"]
[White "Jakubowska, Anna "]
[Black "Krzywda, Andrzej "]
[Result "0-1"]
[WhiteTitle ""]
[BlackTitle ""]
[WhiteElo "2186"]
[BlackElo "2047"]

1. e4 c5 2. Nf3 d6 3. Bb5+ Bd7 4. Bxd7+ Qxd7 5. O-O Nf6 6. Re1 Nc6 7. c3 e6 8.
d4 cxd4 9. cxd4 d5 10. e5 Ne4 11. Nbd2 Nxd2 12. Bxd2 Be7 13. Rc1 O-O 14. a3 Rac8
15. b4 a6 16. h3 Na7 17. Qb3 b5 18. g4 Rc4 19. Rxc4 dxc4 20. Qe3 Nc6 21. Bc3 Rd8
22. h4 Bf8 23. h5 Ne7 24. Qe4 Nd5 25. Bd2 c3 26. Bc1 Nb6 27. Ng5 g6 28. Rd1 Bg7
29. Qe3 Nd5 30. Qf3 Qe7 31. Ne4 Rf8 32. Nxc3 Nxc3 33. Qxc3 gxh5 34. gxh5 Qh4 35.
Qf3 Kh8 36. Bf4 f6 37. Bg3 Qg5 38. exf6 Bxf6 39. Qe2 Bg7 40. Qxe6 Qxh5 41. Rd2
Re8 0-1

[Event "Miedzynarodowy Memorial Ireny Warakomskiej (Turniej Blitza)"]
[Site "Suwalki"]
[Date "2017-08-16"]
[Round "9.10"]
[White "Tarnowska, Aleksandra"]
[Black "Kaczmarek, Arkadiusz "]
[Result "0-1"]
[WhiteTitle ""]
[BlackTitle ""]
[WhiteElo "1774"]
[BlackElo "2185"]

1. e4 d5 2. exd5 Nf6 3. Nc3 Nxd5 4. d4 g6 5. Nf3 Bg7 6. Be3 Nxc3 7. bxc3 O-O 8.
Bc4 c5 9. O-O Nc6 10. Bb5 Na5 11. Be2 Qc7 12. Qd2 Rd8 13. Bh6 Bh8 14. Rad1 Be6
15. Qe3 Bxa2 16. dxc5 Be6 17. Nd4 Bd5 18. Bf3 Qxc5 19. Bxd5 Rxd5 20. Rfe1 e5 21.
Nf5 Bf6 22. Qxc5 Rxc5 23. Rd7 gxf5 0-1

[Event "Miedzynarodowy Memorial Ireny Warakomskiej (Turniej Blitza)"]
[Site "Suwalki"]
[Date "2017-08-16"]
[Round "9.11"]
[White "Zgadzaj, Rafal "]
[Black "Smolka, Marcin "]
[Result "0-1"]
[WhiteTitle ""]
[BlackTitle ""]
[WhiteElo "2040"]
[BlackElo "2161"]

1. Nf3 d5 2. c4 e6 3. b3 Nf6 4. Bb2 c6 5. g3 Bc5 6. Bg2 dxc4 7. bxc4 Qb6 8. Bxf6
gxf6 9. O-O e5 10. Nc3 Qa5 11. Ne4 Be7 12. d3 Be6 13. Nfd2 f5 14. Nb3 Qa3 15.
Ned2 Na6 16. Nb1 Qd6 17. Nc3 O-O-O 18. Rb1 Qa3 19. Qc1 Qxc1 20. Rfxc1 Nc5 21.
Na5 h5 22. Bxc6 bxc6 23. Nxc6 Bg5 24. f4 exf4 25. Nxd8 Rxd8 26. gxf4 Bxf4 27.
Rf1 Be3+ 28. Kg2 f4 29. Rf3 Rg8+ 30. Kh1 Bg4 31. Rff1 Bh3 32. Rg1 Bxg1 33. Rxg1
Re8 34. Rg5 f5 35. Kg1 f3 36. exf3 Nxd3 0-1

[Event "Miedzynarodowy Memorial Ireny Warakomskiej (Turniej Blitza)"]
[Site "Suwalki"]
[Date "2017-08-16"]
[Round "9.12"]
[White "Golek, Jagoda"]
[Black "Kyrychenko, Maryan "]
[Result "0-1"]
[WhiteTitle ""]
[BlackTitle ""]
[WhiteElo "2151"]
[BlackElo "2060"]

1. e4 c5 2. Nf3 d6 3. c4 Nc6 4. d4 cxd4 5. Nxd4 Nf6 6. Nc3 g6 7. Be2 Bg7 8. Be3
O-O 9. O-O Nxd4 10. Bxd4 Be6 11. Rc1 a6 12. f3 Rb8 13. Be3 b5 14. cxb5 axb5 15.
b4 Nd7 16. Qd2 Ne5 17. Nxb5 f5 18. Nd4 Bd7 19. h3 fxe4 20. f4 Nf7 21. Bc4 Kh8
22. a3 e5 23. Ne6 Bxe6 24. Bxe6 exf4 25. Bxf4 Ne5 26. Bg5 Qb6+ 27. Be3 Qa6 28.
Bd5 Qxa3 29. Bh6 Rxf1+ 30. Rxf1 Qxb4 31. Bxg7+ Kxg7 32. Qa2 Qb6+ 33. Kh2 Rf8 34.
Rxf8 Kxf8 35. Qa8+ Ke7 36. Qg8 Qd4 37. Qe6+ Kf8 38. Qxd6+ Kg7 39. Qe7+ Kh6 40.
Qf8+ Kh5 41. g4+ Kg5 42. Qe7+ Kh6 43. Qf8+ Kg5 44. Qe7+ Kf4 45. Qf6+ Ke3 46. Be6
Nf3+ 47. Kg3 Qxf6 0-1